Nová Tržnica, Bratislava Trnavské mýto

Salvato in:
Dettagli Bibliografici
Autore principale: Perejdová, Michaela (Autore)
Altri autori: Žitňanský, Márius (Relatore della tesi)
Natura: Manoscritto Libro
Lingua:slovacco
Pubblicazione: Bratislava 2021
Soggetti:
Accesso online:http://is.stuba.sk/zp/portal_zp.pl?podrobnosti=159664
Tags: Aggiungi Tag
Nessun Tag, puoi essere il primo ad aggiungerne!!

MARC

LEADER 00000ntm a22000003a 4500
001 stuzp83724
003 SK-STU
005 20220218130502.9
007 ta
008 150427s2015----xo-----f-mn---000-0-slo-d
040 |a STU  |b slo 
041 0 |a slo 
100 1 |a Perejdová, Michaela  |u 058180  |4 aut  |U FAD Fakulta architektúry a dizajnu  |T FAD Ústav architektúry občianskych budov  |X 82372  |U A8180  |Y 399  |7 82372 
242 0 1 |a New Market Hall, Bratislava Trnavské mýto  |y eng 
245 1 0 |a Nová Tržnica, Bratislava Trnavské mýto 
260 |c 2021  |a Bratislava 
650 4 |a Tržnica  |2 slo 
650 4 |a Trnavské mýto  |2 slo 
650 4 |a rekonštrukcia  |2 slo 
650 4 |a Market Hall  |2 eng 
650 4 |a Trnavské myto  |2 eng 
650 4 |a reconstruction  |2 eng 
700 1 |a Žitňanský, Márius  |u 058180  |k Z8  |4 ths  |U FAD Fakulta architektúry a dizajnu  |T FAD Ústav architektúry občianskych budov  |X 439  |U A8180  |Y 399  |7 A000000439 
856 4 |u http://is.stuba.sk/zp/portal_zp.pl?podrobnosti=159664  |u https://opac.crzp.sk/?fn=detailBiblioForm&sid=0C216CD716E18223082004AAC853